Vplyv podnikateľských subjektov na nepriame dane bakalárska práca

Na minha lista:
Detalhes bibliográficos
Autor principal: Turňová, Lucia
Autor Corporativo: Fakulta podnikového manažmentu EU. Katedra podnikových financií
Outros Autores: Vavrová, Katarína, 1960-
Formato: Livro
Idioma:eslovaco
Publicado em: Bratislava 2020
Tags: Adicionar Tag
Sem tags, seja o primeiro a adicionar uma tag!

MARC

LEADER 00000nbm a2200000 4500
001 0266058
005 20201123111534.2
041 0 |a slo 
044 |a SK 
245 1 0 |a Vplyv podnikateľských subjektov na nepriame dane  |b bakalárska práca  |c Lucia Turňová ; školiteľ: Katarína Vavrová 
264 1 |a Bratislava  |c 2020 
300 |a 50 s. 
100 1 |a Turňová, Lucia 
700 1 |a Vavrová, Katarína, 1960- 
710 2 |a Fakulta podnikového manažmentu EU. Katedra podnikových financií